000 00355pab a2200157 454500
008 180718b1986 xxu||||| |||| 00| 0 eng d
100 _aNovak, Michael
245 _aPoverty down, inequality up
260 _c1986
300 _a49-56
362 _aSpring
650 _aPoverty
700 _aGordon Green
773 _aPublic Interest
909 _a15743
999 _c15743
_d15743